00326nam a2200109 a 4500008004100000050001500041100002300056245006200079260004500141300002100186350000900207120416s1978 ||||||||||||||||| || u aHG 229 Hir aGoldthorpe, John H14aThe political economy of inflationcedited by Fred Hirsch aCambridgebHavard University Pressc1978 axi, 307p. : ill. a0.00